书目信息 |
| 题名: |
贝聿铭的艺术世界
|
|
| 作者: | 黄健敏 著 | |
| 分册: | ||
| 出版信息: | 北京 中国计划出版社 1996.10 |
|
| 页数: | 176页 | |
| 开本: | 16开 | |
| 丛书名: | ||
| 单 册: | ||
| 中图分类: | TU-881.2 | |
| 科图分类: | ||
| 主题词: | 建筑艺术--图集 | |
| 电子资源: | ||
| ISBN: | 7-80058-519-0 | |
| 000 | 00528nam0 2200181 45 | |
| 001 | 0010211042 | |
| 005 | 20001021103848.5 | |
| 010 | @a7-80058-519-0@d86.00元 | |
| 100 | @a20001021d1996 km y0chiy0120 ea | |
| 101 | 0 | @achi |
| 200 | 1 | @a贝聿铭的艺术世界@ABei Yu Ming De Yi Shu Shi Jie@f黄健敏著@FHuang Jian Min Zhu |
| 210 | @a北京@c中国计划出版社@d1996.10 | |
| 215 | @a176页@d16开 | |
| 606 | 0 | @a建筑艺术@x图集 |
| 690 | @aTU-881.2@v3 | |
| 701 | 0 | @a黄健敏@4著 |
| 801 | @aCN@bPftUser@c20001021 | |
| 905 | @b179896-897@dTU-881.2@eH529@f2 | |
| 贝聿铭的艺术世界/黄健敏著.-北京:中国计划出版社,1996.10 |
| 176页;16开 |
| ISBN 7-80058-519-0:86.00元 |
| ● |
| 相关链接 |
|
|
|
正题名:贝聿铭的艺术世界
索取号:TU-881.2/H529
 
预约/预借
| 序号 | 登录号 | 条形码 | 馆藏地/架位号 | 状态 | 备注 |
| 1 | 179897 | 201798974 | 自科二线404/404自科库 16排1列1层/ [索取号:TU-881.2/H529] | 在馆 |